[Event "Mecklenburg VP U12"]
[Site "Malchow"]
[Date "2016.02.08"]
[Round "3.8"]
[White "Grossmann, Piet"]
[Black "David, Philipp"]
[Result "1-0"]
[WhiteElo "1114"]
[BlackElo "959"]
[PlyCount "87"]
[EventDate "2016.02.02"]
[EventType "swiss"]
[EventRounds "7"]
[EventCountry "GER"]
[SourceTitle "EXT 2024"]
[Source "ChessBase"]
[SourceDate "2023.10.10"]
[SourceVersion "1"]
[SourceVersionDate "2023.10.10"]
[SourceQuality "1"]

1. e4 e5 2. Nf3 d6 3. d4 Bg4 4. dxe5 Nc6 5. Bb5 a6 6. Bxc6+ bxc6 7. exd6 cxd6 8. Nbd2 Nf6 9. 0-0 Ra7 10. Re1 Re7 11. b3 Re5 12. Bb2 Re6 13. h3 Bh5 14. Bxf6 Rxf6 15. c4 c5 16. e5 dxe5 17. Rxe5+ Be7 18. Rxh5 0-0 19. Qc2 g6 20. Rd5 Qc7 21. Qc3 Rd8 22. Rxd8+ Bxd8 23. Re1 Qa5 24. Qxa5 Bxa5 25. Re8+ Kg7 26. Ne4 Rc6 27. Re7 Bd8 28. Rd7 Ba5 29. Nfg5 Rc7 30. Ne6+ Kh6 31. Nxc7 Bxc7 32. Rxc7 f5 33. Nxc5 Kh5 34. Ne6 h6 35. g4+ fxg4 36. hxg4+ Kxg4 37. Rf7 g5 38. c5 h5 39. c6 h4 40. c7 h3 41. c8Q Kh4 42. Nxg5 Kxg5 43. Qg8+ Kh5 44. Rh7# 1-0